Zhodnotenie vývoja slovenského bankového sektora od roku 2011 bakalárska práca

Enregistré dans:
Détails bibliographiques
Auteur principal: Lazarčík, Matúš
Collectivité auteur: Národohospodárska fakulta EU. Katedra bankovníctva a medzinárodných financií
Autres auteurs: Gernát, Peter
Format: Livre
Langue:slovaque
Publié: Bratislava 2019
Tags: Ajouter un tag
Pas de tags, Soyez le premier à ajouter un tag!

MARC

LEADER 00000nbm a2200000 4500
001 0256487
005 20190729122418.9
041 0 |a slo 
044 |a SK 
245 1 0 |a Zhodnotenie vývoja slovenského bankového sektora od roku 2011  |b bakalárska práca  |c Matúš Lazarčík ; školiteľ: Peter Gernát 
264 1 |a Bratislava  |c 2019 
300 |a 51 s. 
100 1 |a Lazarčík, Matúš 
700 1 |a Gernát, Peter 
710 2 |a Národohospodárska fakulta EU. Katedra bankovníctva a medzinárodných financií